以下哪些车站位于北京市境内?Which of the following stations are located in Beijing? - Statistics

General Stats
  • This quiz has been taken 131 times
  • The average score is 7 of 17
Answers on the Grid
Answers color-coded by a green-red scale on the quiz's grid according to % correct below.
八达岭
康庄
雁翅
落坡岭
三家店
黄土店
清河
十渡
云居寺
古北口
青龙桥
雁栖湖
牛栏山
乔庄东
礼贤
良乡
黄村
东花园北
沙城
官厅
野三坡
大涧
宣化
太子城
崇礼
燕郊
新保安
涿鹿
广阳
杨村
胜芳
杨柳青
高碑店
白沟
 
Answer Stats
Answer % Correct
八达岭
64%
清河
59%
雁栖湖
58%
良乡
54%
黄村
48%
黄土店
45%
古北口
45%
青龙桥
45%
乔庄东
42%
十渡
41%
三家店
36%
牛栏山
35%
礼贤
29%
雁翅
26%
云居寺
25%
落坡岭
23%
康庄
20%
No matching quizzes found
Score Distribution
Percent of People with Each Score
Percentile by Number Answered
Your Score History
You have not taken this quiz